Normal view
MARC view
- Skwire S E
Entry Personal Name
001 - CONTROL NUMBER
- control field: 204658
003 - CONTROL NUMBER IDENTIFIER
- control field: OSt
005 - DATE AND TIME OF LATEST TRANSACTION
- control field: 20230912112952.0
008 - FIXED-LENGTH DATA ELEMENTS
- fixed length control field: 230912|| aca||aabn | a|a d
040 ## - CATALOGING SOURCE
- Original cataloging agency: OSt
- Transcribing agency: OSt
100 ## - HEADING--PERSONAL NAME
- Personal name: Skwire S E
670 ## - SOURCE DATA FOUND
- Source citation: Work cat.: (OSt)356127: Skwire S E, Writing With A Thesis: A Rhetoric And Reader, 2014